Jubilejní reflexe : (1950-2010)
Saved in:
| Main Author | |
|---|---|
| Corporate Author | |
| Format | Book |
| Language | Czech English German Polish Slovak |
| Published |
Olomouc :
ALTYN, s.r.o.,
2010
|
| Subjects | |
| Physical Description | 93 stran, 124 nečíslovaných stran : ilustrace (převážně barevné) ; 25 cm |
Cover
| LEADER | 00000nam a2200000 i 4500 | ||
|---|---|---|---|
| 001 | 85201 | ||
| 003 | CZ-ZlUTB | ||
| 005 | 20240829161523.0 | ||
| 007 | ta | ||
| 008 | 160509s2010 xr a e 000 0 cze d | ||
| 020 | |q (Brožováno) | ||
| 040 | |a ZLD002 |b cze |e rda | ||
| 041 | 0 | |a cze |a eng |a ger |a pol |a slo | |
| 045 | |a x5y1 | ||
| 072 | 7 | |a 377 |x Odborné vzdělávání |2 Konspekt |9 22 | |
| 072 | 7 | |a 929 |x Biografie |2 Konspekt |9 8 | |
| 080 | |a 377.8 |2 MRF | ||
| 080 | |a 373.3 |2 MRF | ||
| 080 | |a (092) |2 MRF | ||
| 080 | |a (082.2) |2 MRF | ||
| 100 | 1 | |a Nelešovská, Alena, |d 1950-2017 |7 jn20010310262 |4 aut | |
| 245 | 1 | 0 | |a Jubilejní reflexe : |b (1950-2010) / |c Alena Nelešovská |
| 264 | 1 | |a Olomouc : |b ALTYN, s.r.o., |c 2010 | |
| 300 | |a 93 stran, 124 nečíslovaných stran : |b ilustrace (převážně barevné) ; |c 25 cm | ||
| 336 | |a text |b txt |2 rdacontent | ||
| 337 | |a bez média |b n |2 rdamedia | ||
| 338 | |a svazek |b nc |2 rdacarrier | ||
| 500 | |a Nad názvem: Pedagogická fakulta Univerzity Palackého v Olomouci, Katedra primární pedagogiky | ||
| 504 | |a Obsahuje bibliografi | ||
| 546 | |a Anglické, české a německé profesní kurikulum. Část textu v němčině, polštině a slovenštině. | ||
| 600 | 1 | 7 | |a Nelešovská, Alena, |d 1950-2017 |7 jn20010310262 |2 czenas |
| 650 | 0 | 7 | |a vzdělávání učitelů |7 ph158324 |2 czenas |
| 650 | 0 | 7 | |a základní vzdělávání |7 ph614633 |2 czenas |
| 650 | 0 | 9 | |a teacher education |2 eczenas |
| 650 | 0 | 9 | |a elementary school education |2 eczenas |
| 655 | 7 | |a biografie |7 fd131909 |2 czenas | |
| 655 | 7 | |a jubilejní publikace |7 fd131839 |2 czenas | |
| 655 | 9 | |a biography |2 eczenas | |
| 655 | 9 | |a jubilee books |2 eczenas | |
| 710 | 2 | |a Univerzita Palackého. |b Pedagogická fakulta |7 kn20010709375 | |
| 910 | |a ZLD002 | ||
| 952 | |0 0 |1 0 |4 0 |6 92NELEŠOVSKÁA |7 0 |8 BOOK |9 139177 |a UTBZL |b UTBZL |c 030 |d 2016-05-09 |i 63900 |l 0 |o 92/NELEŠOVSKÁ,A. |p 420010166009 |r 2019-08-26 00:00:00 |v 150.00 |w 2019-08-26 |x N:dar, | 20100930 |y 05 | ||
| 992 | |a BK |b SK | ||
| 999 | |c 85201 |d 85201 | ||